000
00297cam a2200121ua 4500
999
_c
7450
_d
7450
082
_a
531.3
_b
CHA/TE
100
_a
Charlton, F .
_9
3127
245
_a
Text book of dynamics /
250
_a
2 /
260
_a
New Delhi :
_b
C B S Publishers & Distributers ,
_c
1985.
300
_a
271 ; .
942
_c
BK